000 00720nam a2200241Ia 4500
003 OSt
005 20220923213239.0
006 a|||||r|||| 00| 0
007 ta
008 220922b |||||||| |||| 00| 0 hin d
024 _a160,144
037 _cTextual
040 _aARTS
_cARTS
_bhin
041 _2hin
_ahin
082 _aO152,1:gL7, J5
100 _aचतुरसेन
_9156280
245 0 _aब्रज साहित्य पर मुगल प्रभाव
246 _aBraj sāhitya par mugal prabhāva
260 _c1955
650 _aहिन्दी साहित्य
_9156264
942 _hO152,1:gL7, J5
_cTEXL
_2CC
999 _c314891
_d314891